| 000 | 00964nam a2200229 a 4500 | ||
|---|---|---|---|
| 001 | 000158760 | ||
| 003 | AM-YeHGA | ||
| 005 | 20250617123228.0 | ||
| 008 | 970708s1985 ru |||||||||||||||0|rus|d | ||
| 040 | _aAM-YeHGA | ||
| 041 | 1 |
_arus _heng |
|
| 100 | 1 | _aКлингман, Эдвин | |
| 245 | 1 | 0 |
_aПроектирование специализированных микропроцессорных систем / _cЭ. Клингман ; Пер. с англ. В.И. Гуревича и др. |
| 246 | 1 | 5 | _aMicroprocessor Systems Design |
| 260 |
_aМосква : _bМир, _c1985. |
||
| 300 |
_a363 с. : _bил. ; _c22 см. |
||
| 650 | 1 | 4 |
_aМикропроцессоры _xПроектирование |
| 650 | 1 | 4 |
_aЦифровые вычислительные машины на больших интегральных схемах _xПроектирование |
| 700 | 1 |
_aГуревич, В.И. _eпер. _4trl |
|
| 942 |
_2udc _cBK |
||
| 090 | _c55111 | ||
| 999 |
_c54262 _d54262 |
||